Soils and nutrition (Record no. 52578)

MARC details
000 -LEADER
fixed length control field 00646nam a2200193Ia 4500
100 ## - MAIN ENTRY--AUTHOR NAME
Personal name Karthikakuttyamma M.
245 #0 - TITLE STATEMENT
Title Soils and nutrition
260 ## - PUBLICATION, DISTRIBUTION, ETC. (IMPRINT)
Name of publisher In: Natural rubber: Agromanagement and crop processing. (Eds. P.J. George and C. Kuruvilla Jacob). Rubber Research Institute of India, Kottayam, India, pp.170-198.
Year of publication 2000
650 ## - SUBJECT ADDED ENTRY--TOPICAL TERM
Topical Term Fertilizer application
650 ## - SUBJECT ADDED ENTRY--TOPICAL TERM
Topical Term Nutrient deficiency
650 ## - SUBJECT ADDED ENTRY--TOPICAL TERM
Topical Term Nutrient management
650 ## - SUBJECT ADDED ENTRY--TOPICAL TERM
Topical Term Nutrition
650 ## - SUBJECT ADDED ENTRY--TOPICAL TERM
Topical Term Rubber growing soil
650 ## - SUBJECT ADDED ENTRY--TOPICAL TERM
Topical Term Soil property
700 ## - ADDED ENTRY--PERSONAL NAME
Personal name Joseph M.[a]
700 ## - ADDED ENTRY--PERSONAL NAME
Personal name Nair A.N.S.
942 ## - ADDED ENTRY ELEMENTS (KOHA)
Koha item type Bibliography STAF
Holdings
Withdrawn status Lost status Damaged status Not for loan Home library Current library Date acquired Koha item type
      Bibliography RRII Library RRII Library 09/04/2014 Bibliography STAF